<?xml version="1.0" encoding="UTF-8"?>
<record
    xmlns:xsi="http://www.w3.org/2001/XMLSchema-instance"
    xsi:schemaLocation="http://www.loc.gov/MARC21/slim http://www.loc.gov/standards/marcxml/schema/MARC21slim.xsd"
    xmlns="http://www.loc.gov/MARC21/slim">

  <leader>03165nam a2200337 i 4500</leader>
  <controlfield tag="003">DO-SdBNP</controlfield>
  <controlfield tag="005">20240820090407.0</controlfield>
  <controlfield tag="007">ta</controlfield>
  <controlfield tag="008">240807s2002    sp abc   e    000 0 spa d</controlfield>
  <datafield tag="020" ind1=" " ind2=" ">
    <subfield code="a">8489898502 (colecci&#xF3;n completa)</subfield>
  </datafield>
  <datafield tag="020" ind1=" " ind2=" ">
    <subfield code="a">8489898715 (actualizaci&#xF3;n 2002)</subfield>
  </datafield>
  <datafield tag="040" ind1=" " ind2=" ">
    <subfield code="a">DO-SdBNP</subfield>
    <subfield code="b">spa</subfield>
    <subfield code="c">BNPHU</subfield>
    <subfield code="e">rda</subfield>
  </datafield>
  <datafield tag="082" ind1=" " ind2="4">
    <subfield code="a">036.1</subfield>
    <subfield code="b">L332 2002</subfield>
    <subfield code="2">22</subfield>
  </datafield>
  <datafield tag="245" ind1="0" ind2="0">
    <subfield code="a">Larousse 2000 :</subfield>
    <subfield code="b">actualizaci&#xF3;n 2002 /</subfield>
    <subfield code="c">direcci&#xF3;n N&#xFA;ria Lucena Cayuela ; edici&#xF3;n Jordi Indur&#xE1;in Pons, Emili L&#xF3;pez Tossas ; redacci&#xF3;n Cristina Ruiz Vegas, Fina Oliu Cuc&#xF3;.</subfield>
  </datafield>
  <datafield tag="264" ind1=" " ind2="4">
    <subfield code="a">Barcelona, Espa&#xF1;a :</subfield>
    <subfield code="b">Planeta,</subfield>
    <subfield code="b">Tem&#xE1;ticos Larousse,</subfield>
    <subfield code="c">&#xA9;2002.</subfield>
  </datafield>
  <datafield tag="300" ind1=" " ind2=" ">
    <subfield code="a">344 p&#xE1;ginas :</subfield>
    <subfield code="b">ilustraciones, mapas, retratos ;</subfield>
    <subfield code="c">30 cm.</subfield>
  </datafield>
  <datafield tag="336" ind1=" " ind2=" ">
    <subfield code="2">rdacontent</subfield>
    <subfield code="a">texto</subfield>
    <subfield code="b">txt</subfield>
  </datafield>
  <datafield tag="337" ind1=" " ind2=" ">
    <subfield code="2">rdamedia</subfield>
    <subfield code="a">sin mediaci&#xF3;n</subfield>
    <subfield code="b">n</subfield>
  </datafield>
  <datafield tag="338" ind1=" " ind2=" ">
    <subfield code="2">rdacarrier</subfield>
    <subfield code="a">volumen</subfield>
    <subfield code="b">nc</subfield>
  </datafield>
  <datafield tag="500" ind1=" " ind2=" ">
    <subfield code="a">Incluye &#xED;ndice onom&#xE1;stico. </subfield>
  </datafield>
  <datafield tag="505" ind1="0" ind2=" ">
    <subfield code="t">Preliminares --</subfield>
    <subfield code="t">Im&#xE1;genes del a&#xF1;o  --</subfield>
    <subfield code="g">Panorama Internacional -- </subfield>
    <subfield code="t">Internacional: resumen del a&#xF1;o.  -- </subfield>
    <subfield code="t">La administraci&#xF3;n Bush antes y despu&#xE9;s del 11 de septiembre. -- </subfield>
    <subfield code="t">Las dificultosas relaciones entre occidente e islam. --</subfield>
    <subfield code="t">Argentina; crisis pol&#xED;tica y deuda p&#xFA;blica. -- </subfield>
    <subfield code="t">La mundializaci&#xF3;n contra el estado. -- </subfield>
    <subfield code="t">Italia y Berlusconi; una segunda oportunidad. -- </subfield>
    <subfield code="t">Milosevic, el tirano que no hay que olvidar. -- </subfield>
    <subfield code="t">La dif&#xED;cil tarea de Alejandro Toledo. -- </subfield>
    <subfield code="t">Pinochet, Videla y la operaci&#xF3;n C&#xF3;ndor. --</subfield>
    <subfield code="g">Espa&#xF1;a --</subfield>
    <subfield code="t">El a&#xF1;o pol&#xED;tico --</subfield>
    <subfield code="t">La evoluci&#xF3;n econ&#xF3;mica --</subfield>
    <subfield code="t">El agua dulce, una penuria anunciada --</subfield>
    <subfield code="t">Elecciones auton&#xF3;micas en el pa&#xED;s Vasco y Galicia --</subfield>
    <subfield code="t">Los problemas de la sanidad espa&#xF1;ola en 2001 --</subfield>
    <subfield code="g">Econom&#xED;a --</subfield>
    <subfield code="t">Alaridos de dolor --</subfield>
    <subfield code="t">Las multinacionales y la cuesti&#xF3;n laboral --</subfield>
    <subfield code="g">Cultura -- </subfield>
    <subfield code="t">Panorama literario --</subfield>
    <subfield code="t">El mundo del arte --</subfield>
    <subfield code="t">M&#xFA;sica --</subfield>
    <subfield code="t">Teatro y danza --</subfield>
    <subfield code="t">El cine en el mundo en 2001-  </subfield>
    <subfield code="g">Sociedad -- </subfield>
    <subfield code="t">Alimentaci&#xF3;n bajo sospecha --</subfield>
    <subfield code="g">Ciencia y t&#xE9;cnica -- </subfield>
    <subfield code="t">Explotaci&#xF3;n del espacio --</subfield>
    <subfield code="t">Clonaci&#xF3;n: luces y sombras --</subfield>
    <subfield code="t">El futuro de la telefon&#xED;a m&#xF3;vil --</subfield>
    <subfield code="g">Medio ambiente -- </subfield>
    <subfield code="t">El &#xE1;mbito urbano y el tratamiento de residuos --</subfield>
    <subfield code="g">Deportes -- </subfield>
    <subfield code="t">Un a&#xF1;o de estrellas sin l&#xED;mites --</subfield>
    <subfield code="t">Campeonato del mundo de atletismo Edmonton 2001 --</subfield>
    <subfield code="g">Personajes del a&#xF1;o -- </subfield>
    <subfield code="t">Protagonistas -- </subfield>
    <subfield code="t">Obituario -- </subfield>
    <subfield code="g">Efem&#xE9;rides -- </subfield>
    <subfield code="t">El a&#xF1;o Verdi --</subfield>
    <subfield code="t">400 aniversario de Baltasar Graci&#xE1;n --</subfield>
    <subfield code="t">Centenario de la muerte de Leopoldo Alas, Clar&#xED;n -- </subfield>
    <subfield code="t">Centenario del premio Nobel --</subfield>
    <subfield code="t">Centenario del nacimiento de Ram&#xF3;n J. Sender --</subfield>
    <subfield code="t">25 a&#xF1;os de El pa&#xED;s --</subfield>
    <subfield code="t">Otras conmemoraciones --</subfield>
    <subfield code="g">Premios -- </subfield>
    <subfield code="t">Arte --</subfield>
    <subfield code="t">Artes esc&#xE9;nicas --</subfield>
    <subfield code="t">Cine --</subfield>
    <subfield code="t">Literatura --</subfield>
    <subfield code="t">M&#xFA;sica --</subfield>
    <subfield code="t">Nacionales --</subfield>
    <subfield code="t">Nobel --</subfield>
    <subfield code="t">Ondas --</subfield>
    <subfield code="t">Pr&#xED;ncipe de Asturias --</subfield>
    <subfield code="t">Estad&#xED;sticas --</subfield>
    <subfield code="t">Pa&#xED;ses del mundo --</subfield>
    <subfield code="t">Suplemento enciclop&#xE9;dico --</subfield>
    <subfield code="t">&#xCD;ndice onom&#xE1;stico</subfield>
  </datafield>
  <datafield tag="590" ind1=" " ind2=" ">
    <subfield code="a">Inventariado, 2024/ YL</subfield>
  </datafield>
  <datafield tag="650" ind1=" " ind2="4">
    <subfield code="a">Diccionario Encicl&#xF3;pedico</subfield>
    <subfield code="9">86131</subfield>
  </datafield>
  <datafield tag="700" ind1="1" ind2=" ">
    <subfield code="a">Lucena Cayuela, N&#xFA;ria </subfield>
    <subfield code="e">direcci&#xF3;n </subfield>
    <subfield code="9">86242</subfield>
  </datafield>
  <datafield tag="700" ind1="1" ind2=" ">
    <subfield code="a">Indur&#xE1;in Pons,  Jordi </subfield>
    <subfield code="e">edici&#xF3;n </subfield>
    <subfield code="9">86243</subfield>
  </datafield>
  <datafield tag="700" ind1="1" ind2=" ">
    <subfield code="a">L&#xF3;pez Tossas, Emili </subfield>
    <subfield code="e">edici&#xF3;n</subfield>
    <subfield code="9">86244</subfield>
  </datafield>
  <datafield tag="700" ind1="1" ind2=" ">
    <subfield code="a">Ruiz Vegas, Cristina </subfield>
    <subfield code="e">redacci&#xF3;n</subfield>
    <subfield code="9">86245</subfield>
  </datafield>
  <datafield tag="700" ind1="1" ind2=" ">
    <subfield code="a">Oliu Cuc&#xF3;,  Fina </subfield>
    <subfield code="e">redacci&#xF3;n</subfield>
    <subfield code="9">86247</subfield>
  </datafield>
  <datafield tag="910" ind1=" " ind2=" ">
    <subfield code="a">YLockward. Validado control de calidad/MAA</subfield>
  </datafield>
  <datafield tag="942" ind1=" " ind2=" ">
    <subfield code="2">ddc</subfield>
    <subfield code="c">LBS1</subfield>
  </datafield>
  <datafield tag="952" ind1=" " ind2=" ">
    <subfield code="0">0</subfield>
    <subfield code="1">0</subfield>
    <subfield code="2">ddc</subfield>
    <subfield code="5">6</subfield>
    <subfield code="7">0</subfield>
    <subfield code="8">GR-R</subfield>
    <subfield code="a">BNPHU</subfield>
    <subfield code="b">BNPHU</subfield>
    <subfield code="c">HD</subfield>
    <subfield code="d">2024-08-07</subfield>
    <subfield code="l">0</subfield>
    <subfield code="o">BNPHU R-GR 036.1 L332 2002</subfield>
    <subfield code="p">2024-4710</subfield>
    <subfield code="r">2024-08-07</subfield>
    <subfield code="w">2024-08-07</subfield>
    <subfield code="y">LBS1</subfield>
  </datafield>
  <datafield tag="999" ind1=" " ind2=" ">
    <subfield code="c">57388</subfield>
    <subfield code="d">57388</subfield>
  </datafield>
</record>
